Unicorn and the rainbow poop (Record no. 3043)

MARC details
000 -LEADER
fixed length control field 00962nam a22002777a 4500
001 - CONTROL NUMBER
control field 3043
003 - CONTROL NUMBER IDENTIFIER
control field FISKH
005 - DATE AND TIME OF LATEST TRANSACTION
control field 20260325114457.0
008 - FIXED-LENGTH DATA ELEMENTS--GENERAL INFORMATION
fixed length control field 240131b cb ||||| |||| 00| 0 eng d
020 ## - INTERNATIONAL STANDARD BOOK NUMBER
International Standard Book Number 9781407189314
040 ## - CATALOGING SOURCE
Original cataloging agency FISKH
Language of cataloging eng
Transcribing agency FISKH
Modifying agency FISKH
050 ## - LIBRARY OF CONGRESS CALL NUMBER
Classification number 823.92
082 ## - DEWEY DECIMAL CLASSIFICATION NUMBER
Classification number PZ7
100 ## - MAIN ENTRY--PERSONAL NAME
Personal name Adam, Emma
245 ## - TITLE STATEMENT
Title Unicorn and the rainbow poop
Statement of responsibility, etc. by Adams, Emma : illustrated by Halford, Katy
250 ## - EDITION STATEMENT
Edition statement First published in 2018
260 ## - PUBLICATION, DISTRIBUTION, ETC.
Place of publication, distribution, etc. London :
Name of publisher, distributor, etc. Scholastic Children's Books,
Date of publication, distribution, etc. 2018
300 ## - PHYSICAL DESCRIPTION
Extent 24 unnumbered pages :
Other physical details color illustrations ;
Dimensions 28 cm .
505 ## - FORMATTED CONTENTS NOTE
Formatted contents note P <br/>
520 ## - SUMMARY, ETC.
Summary, etc. Unicorn is just like every other unicorn out there. Except for... her rainbow poop! A story about friendship, acceptance and believing in yourself... no matter what.
521 8# - TARGET AUDIENCE NOTE
Target audience note 650 <br/>
Source Lexile <br/>
521 8# - TARGET AUDIENCE NOTE
Target audience note P <br/>
Source Raz-Plus <br/>
600 ## - SUBJECT ADDED ENTRY--PERSONAL NAME
Source of heading or term unicorn
Form subdivision Juvenile fiction
700 ## - ADDED ENTRY--PERSONAL NAME
Personal name Halford, Katy
Relator term illustrator
942 ## - ADDED ENTRY ELEMENTS (KOHA)
Source of classification or shelving scheme Dewey Decimal Classification
Koha item type Books
Suppress in OPAC No
Holdings
Withdrawn status Lost status Source of classification or shelving scheme Damaged status Not for loan Collection Home library Current library Shelving location Date acquired Total Checkouts Full call number Barcode Date last seen Date last checked out Copy number Price effective from Koha item type
    Dewey Decimal Classification     Juvenile Fiction Footprints International School Library Network Toul Tom Poung Campus Footprints International School Library Network Toul Tom Poung Campus TTP Primary Orange Bookshelves 01/31/2024 8 ADA 823.92 FISBK073156 04/10/2026 03/25/2026 1 01/31/2024 Books